000 00625nam a2200241 i 4500
001 C2-0292789
003 PPAK
005 20180728024756.0
008 090108s2006 nyu |||| ||||| | eng d
020 _a9780312426439 ; 0312426437
040 _aPPAK
_beng
_cPPAK
_erda
082 0 4 _a823
_223
090 0 0 _a823
_bPOW
_dLCK
100 1 _aPowers, Richard,
_eauthor
245 1 4 _aThe echo maker
264 1 _aNew York :
_bPicador ,
_c2006
300 _a451 pages ;
_c21 cm
336 _2rdacontent
_atext
337 _2rdamedia
_aunmediated
338 _2rdacarrier
_avolume
650 1 0 _aEnglish fiction
942 _ddc
_cB
999 _c97628
_d97628